Library Banner

Women and the related laws / (Record no. 114958)

MARC details
000 -LEADER
fixed length control field 00385nam a22001457a 4500
005 - DATE AND TIME OF LATEST TRANSACTION
control field 20191213120715.0
008 - FIXED-LENGTH DATA ELEMENTS--GENERAL INFORMATION
fixed length control field 191207b ||||| |||| 00| 0 eng d
040 ## - CATALOGING SOURCE
Transcribing agency PK-LaUMT
082 ## - DEWEY DECIMAL CLASSIFICATION NUMBER
Classification number 346.0134
Item number ZEE-W
100 ## - MAIN ENTRY--PERSONAL NAME
Personal name Zeeshan Manzoor
245 ## - TITLE STATEMENT
Title Women and the related laws /
Statement of responsibility, etc by Zeeshan Manzoor
260 ## - PUBLICATION, DISTRIBUTION, ETC. (IMPRINT)
Place of publication, distribution, etc Karachi :
Name of publisher, distributor, etc Mega Publishers,
Date of publication, distribution, etc 2014
300 ## - PHYSICAL DESCRIPTION
Extent 436 p.
942 ## - ADDED ENTRY ELEMENTS (KOHA)
Koha item type Books
Holdings
Withdrawn status Lost status Damaged status Home library Current library Date acquired Full call number Barcode Date last seen Price effective from Koha item type
      UMT Main Campus UMT Main Campus 2019-12-07 346.0134 ZEE-W 132660 2019-12-07 2019-12-07 Books